| 000 | 00458nam a2200181Ia 4500 | ||
|---|---|---|---|
| 001 | 21177 | ||
| 005 | 20260306172900.0 | ||
| 008 | 260306t2012||||xx |||||||||||||| ||spa|| | ||
| 041 | _aESP | ||
| 082 |
_a344J _bF41 T. 1 |
||
| 100 |
_aFernández Ceballos, Fernán G. _eAUT |
||
| 245 | 0 |
_aJurisprudencia sumillada: _bsala de apelaciones Arequipa 2008-2009 |
|
| 260 | _c2012 | ||
| 300 |
_a _c |
||
| 650 | _aGEN | ||
| 654 | _aCDE | ||
| 942 |
_cLIB _dJUS _fJUS _2ddc _n |
||
| 999 |
_c21177 _d21177 |
||